[Event "Muensterland Verbandsliga 0809"]
[Site "Germany"]
[Date "2009.04.25"]
[Round "9.8"]
[White "Fischer, Andreas"]
[Black "Rublack, Ralf"]
[Result "1/2-1/2"]
[WhiteElo "1893"]
[BlackElo "1931"]
[PlyCount "78"]
[EventDate "2008.09.20"]
[EventType "tourn"]
[EventRounds "9"]
[EventCountry "GER"]
[SourceTitle "EXT 2010"]
[Source "ChessBase"]
[SourceDate "2010.11.25"]
[SourceVersion "1"]
[SourceVersionDate "2010.11.25"]
[SourceQuality "1"]
[WhiteTeam "Saerbeck"]
[BlackTeam "Suedlohn"]
[WhiteTeamCountry "GER"]
[BlackTeamCountry "GER"]

1. e4 c5 2. Nf3 e6 3. d4 cxd4 4. Nxd4 a6 5. Nc3 Qc7 6. g3 Nf6 7. Bg2 Be7 8. 0-0 d6 9. Be3 0-0 10. a4 Nbd7 11. Nb3 Ne5 12. Qe2 Bd7 13. h3 Rac8 14. Nd2 Bc6 15. Rfc1 Rfe8 16. Bd4 Qb8 17. a5 Bd8 18. Qe3 Bc7 19. b4 Rcd8 20. Na4 Ned7 21. Nb6 e5 22. Nxd7 Rxd7 23. Ba7 Qd8 24. c4 Rde7 25. Rcb1 h6 26. b5 Bd7 27. bxa6 bxa6 28. Bb6 Qc8 29. Bxc7 Qxc7 30. Rb6 Bc8 31. Qd3 Nd7 32. Rb4 Nc5 33. Qe3 f5 34. exf5 Bxf5 35. Bd5+ Kh8 36. g4 Be6 37. Ne4 Bxd5 38. cxd5 Nxe4 39. Rxe4 Rf8 1/2-1/2

[Event "Muensterland Verbandsliga 0809"]
[Site "Germany"]
[Date "2009.01.31"]
[Round "6.8"]
[White "Rublack, Ralf"]
[Black "Tenhuendfeld, Bernd"]
[Result "1/2-1/2"]
[WhiteElo "1931"]
[BlackElo "1787"]
[PlyCount "41"]
[EventDate "2008.09.20"]
[EventType "tourn"]
[EventRounds "9"]
[EventCountry "GER"]
[SourceTitle "EXT 2010"]
[Source "ChessBase"]
[SourceDate "2010.11.25"]
[SourceVersion "1"]
[SourceVersionDate "2010.11.25"]
[SourceQuality "1"]
[WhiteTeam "Suedlohn"]
[BlackTeam "Ahaus Wessum"]
[WhiteTeamCountry "GER"]
[BlackTeamCountry "GER"]

1. d4 Nf6 2. Nf3 g6 3. Bg5 Bg7 4. Nbd2 0-0 5. c3 d6 6. e3 Nc6 7. Be2 h6 8. Bxf6 Bxf6 9. 0-0 e5 10. Qc2 Qe8 11. Bc4 Kh7 12. b4 Bg7 13. a4 f5 14. Nb3 g5 15. Bb5 Bd7 16. Ra3 Kh8 17. d5 Ne7 18. Bxd7 Qxd7 19. Rd1 Ng6 20. c4 Qf7 21. Ne1 1/2-1/2

[Event "Muensterland Verbandsliga 0809"]
[Site "Germany"]
[Date "2008.11.15"]
[Round "3.7"]
[White "Rublack, Ralf"]
[Black "Chilla, Jan Eric"]
[Result "0-1"]
[WhiteElo "1931"]
[BlackElo "1866"]
[PlyCount "80"]
[EventDate "2008.09.20"]
[EventType "tourn"]
[EventRounds "9"]
[EventCountry "GER"]
[SourceTitle "EXT 2010"]
[Source "ChessBase"]
[SourceDate "2010.11.25"]
[SourceVersion "1"]
[SourceVersionDate "2010.11.25"]
[SourceQuality "1"]
[WhiteTeam "Suedlohn"]
[BlackTeam "Muenster SK II"]
[WhiteTeamCountry "GER"]
[BlackTeamCountry "GER"]

1. d4 Nf6 2. Nf3 g6 3. Bg5 Bg7 4. Nbd2 d5 5. c3 0-0 6. e3 b6 7. Be2 c5 8. 0-0 Ba6 9. Re1 Bxe2 10. Qxe2 Qc8 11. h3 Qa6 12. Qd1 Nc6 13. Bf4 Rfe8 14. Ne5 Nxe5 15. Bxe5 Rad8 16. Qc2 Rc8 17. Qd1 Nd7 18. Bxg7 Kxg7 19. Nf3 Qb7 20. Qc2 e5 21. dxe5 Nxe5 22. Qd1 Rcd8 23. Qe2 Nc4 24. Red1 f5 25. Qc2 h6 26. Rac1 Qf7 27. b3 Nd6 28. Qb2 Kh7 29. b4 g5 30. Qc2 Kh8 31. Ne1 g4 32. bxc5 bxc5 33. hxg4 fxg4 34. g3 Ne4 35. Ng2 Ng5 36. Nf4 Re4 37. Kg2 Rde8 38. Rh1 Kg7 39. Rh4 Qf5 40. Rf1 Rxf4 0-1

[Event "Muensterland Verbandsliga 0708"]
[Site "Germany"]
[Date "2008.03.01"]
[Round "7.6"]
[White "Rublack, Ralf"]
[Black "Wienen, Hermann"]
[Result "1/2-1/2"]
[WhiteElo "1931"]
[BlackElo "1949"]
[PlyCount "64"]
[EventDate "2007.09.08"]
[EventType "team-tourn"]
[EventRounds "9"]
[EventCountry "GER"]
[SourceTitle "EXT 2009"]
[Source "ChessBase"]
[SourceDate "2008.11.26"]
[SourceVersion "1"]
[SourceVersionDate "2008.11.26"]
[SourceQuality "1"]
[WhiteTeam "Suedlohn"]
[BlackTeam "Heiden"]
[WhiteTeamCountry "GER"]
[BlackTeamCountry "GER"]

1. d4 d5 2. c4 e6 3. Nc3 Nf6 4. Bg5 Nbd7 5. e3 c6 6. cxd5 exd5 7. Nf3 Qa5 8. Bxf6 Nxf6 9. Bd3 Bd6 10. h3 0-0 11. Qc2 Re8 12. 0-0 h6 13. a3 Bd7 14. Rfc1 Qd8 15. Bf5 Bxf5 16. Qxf5 Ne4 17. Nxe4 Rxe4 18. Nd2 Re6 19. Rd1 Qe7 20. Re1 Re8 21. Re2 Bc7 22. Rc1 Rf6 23. Qd3 Qd6 24. Nf1 Qe6 25. Rce1 Qd7 26. f4 Rg6 27. Kh1 Qd8 28. g3 Qd7 29. Kh2 h5 30. Rf2 f5 31. Ree2 Rh6 32. Rg2 Qe6 1/2-1/2

[Event "Muensterland Verbandsliga 0607"]
[Site "Germany"]
[Date "2007.05.05"]
[Round "9.5"]
[White "Rublack, Ralf"]
[Black "Rothkegel, Juergen"]
[Result "1/2-1/2"]
[WhiteElo "1981"]
[BlackElo "1881"]
[PlyCount "31"]
[EventDate "2006.09.16"]
[EventType "team-tourn"]
[EventRounds "9"]
[EventCountry "GER"]
[SourceTitle "EXT 2008"]
[Source "ChessBase"]
[SourceDate "2007.11.25"]
[SourceVersion "1"]
[SourceVersionDate "2007.11.25"]
[SourceQuality "1"]
[WhiteTeam "Suedlohn"]
[BlackTeam "Gronau"]
[WhiteTeamCountry "GER"]
[BlackTeamCountry "GER"]

1. d4 Nf6 2. Nf3 e6 3. Bg5 Be7 4. e3 b6 5. Nbd2 Bb7 6. Bd3 d5 7. c3 Nbd7 8. Qc2 c5 9. Rc1 Rc8 10. Qb1 Qc7 11. Bf4 Bd6 12. Bg3 a6 13. 0-0 0-0 14. Rfe1 Bxg3 15. hxg3 h6 16. e4 1/2-1/2

[Event "Muensterland Verbandsliga 0506"]
[Site "Germany"]
[Date "2006.04.01"]
[Round "9.3"]
[White "Hoge, Reinhard"]
[Black "Rublack, Ralf"]
[Result "0-1"]
[WhiteElo "2026"]
[BlackElo "1987"]
[PlyCount "88"]
[EventDate "2005.08.27"]
[EventType "team-tourn"]
[EventRounds "9"]
[EventCountry "GER"]
[SourceTitle "EXT 2006"]
[Source "ChessBase"]
[SourceDate "2005.11.24"]
[SourceVersion "1"]
[SourceVersionDate "2005.11.24"]
[SourceQuality "1"]
[WhiteTeam "Saerbeck"]
[BlackTeam "Suedlohn"]
[WhiteTeamCountry "GER"]
[BlackTeamCountry "GER"]

1. c4 c5 2. Nc3 Nf6 3. g3 e6 4. Nf3 Be7 5. Bg2 Nc6 6. 0-0 0-0 7. d4 cxd4 8. Nxd4 Nxd4 9. Qxd4 a6 10. b3 Qa5 11. Bb2 Rd8 12. Rfd1 Qc5 13. Qxc5 Bxc5 14. Na4 Be7 15. Nb6 Rb8 16. Nxc8 Rdxc8 17. Be5 b5 18. Bxb8 Rxb8 19. Rac1 g6 20. c5 a5 21. c6 dxc6 22. Bxc6 Kg7 23. e4 Ba3 24. Rc2 Ng4 25. Rd7 Ne5 26. Ra7 Nf3+ 27. Kf1 Nd4 28. Rd2 Nxc6 29. Rc7 Ne5 30. f4 Ng4 31. Rdd7 Rf8 32. e5 Nxh2+ 33. Kg2 Ng4 34. Kf3 h5 35. Rb7 Bb4 36. Rxb5 Rc8 37. Rd3 Rc2 38. a3 Bxa3 39. Rxa5 Bc5 40. Rd7 Rc3+ 41. Ke2 Re3+ 42. Kd1 Bb4 43. Rb5 Be1 44. Rbb7 Nh6 0-1

[Event "Muensterland Verbandsliga 0405"]
[Site "Muensterland"]
[Date "2005.04.16"]
[Round "8.4"]
[White "Meirick, Ingo"]
[Black "Rublack, Ralf"]
[Result "1/2-1/2"]
[WhiteElo "1979"]
[BlackElo "1992"]
[PlyCount "67"]
[EventDate "2004.09.18"]
[EventType "team-tourn"]
[EventRounds "9"]
[EventCountry "GER"]
[SourceTitle "EXT 2006"]
[Source "ChessBase"]
[SourceDate "2005.11.24"]
[SourceVersion "1"]
[SourceVersionDate "2005.11.24"]
[SourceQuality "1"]
[WhiteTeam "Heiden"]
[BlackTeam "Suedlohn"]
[WhiteTeamCountry "GER"]
[BlackTeamCountry "GER"]

1. e4 d5 2. exd5 Qxd5 3. Nc3 Qd6 4. d4 Nf6 5. Nb5 Qd8 6. c4 c6 7. Nc3 e6 8. Nf3 Be7 9. Be2 0-0 10. 0-0 Nbd7 11. Bf4 Re8 12. Qc2 Nf8 13. h3 Ng6 14. Bh2 Bd6 15. Ne5 Qc7 16. f4 Qe7 17. c5 Bc7 18. Bc4 Nd5 19. Nxd5 exd5 20. Bd3 Nf8 21. Rae1 Qd8 22. g4 f6 23. Nf3 Bd7 24. a3 Qb8 25. f5 Bxh2+ 26. Qxh2 Qxh2+ 27. Kxh2 Rxe1 28. Rxe1 Re8 29. Kg3 Kf7 30. h4 Rxe1 31. Nxe1 h6 32. Kf4 Nh7 33. Nf3 Ke7 34. Be2 1/2-1/2

[Event "Muensterland Verbandsliga 0405"]
[Site "Muensterland"]
[Date "2005.03.12"]
[Round "7.3"]
[White "Duchhardt, Christoph"]
[Black "Rublack, Ralf"]
[Result "1/2-1/2"]
[WhiteElo "1906"]
[BlackElo "1992"]
[PlyCount "80"]
[EventDate "2004.09.18"]
[EventType "team-tourn"]
[EventRounds "9"]
[EventCountry "GER"]
[SourceTitle "EXT 2006"]
[Source "ChessBase"]
[SourceDate "2005.11.24"]
[SourceVersion "1"]
[SourceVersionDate "2005.11.24"]
[SourceQuality "1"]
[WhiteTeam "Muenster III"]
[BlackTeam "Suedlohn"]
[WhiteTeamCountry "GER"]
[BlackTeamCountry "GER"]

1. e4 c5 2. Nf3 e6 3. d4 cxd4 4. Nxd4 Nf6 5. Nc3 Nc6 6. Ndb5 d6 7. Bf4 e5 8. Bg5 a6 9. Na3 Be7 10. Bxf6 gxf6 11. Nc4 f5 12. Bd3 f4 13. a4 Be6 14. a5 Nd4 15. Nb6 Rb8 16. Ncd5 Bd7 17. c3 Ne6 18. b4 0-0 19. g3 Kh8 20. gxf4 exf4 21. Rg1 Ng7 22. Qf3 Be6 23. Qxf4 f5 24. Qh6 Bf6 25. Kd2 Bxd5 26. Nxd5 Ne6 27. Nxf6 Qxf6 28. Qxf6+ Rxf6 29. exf5 Ng7 30. Rae1 Nxf5 31. Bxf5 Rxf5 32. Re2 Rbf8 33. Ke1 h5 34. Rg6 Rf3 35. Rxd6 Rxc3 36. Re7 Rc2 37. Re2 Rc1+ 38. Kd2 Rfc8 39. Ke3 R8c3+ 40. Kd2 Rc4 1/2-1/2

[Event "Muensterland Verbandsliga 0405"]
[Site "Muensterland"]
[Date "2004.12.04"]
[Round "4.4"]
[White "Mueller, Achim1"]
[Black "Rublack, Ralf"]
[Result "0-1"]
[WhiteElo "1885"]
[BlackElo "1992"]
[PlyCount "70"]
[EventDate "2004.09.18"]
[EventType "team-tourn"]
[EventRounds "9"]
[EventCountry "GER"]
[SourceTitle "EXT 2006"]
[Source "ChessBase"]
[SourceDate "2005.11.24"]
[SourceVersion "1"]
[SourceVersionDate "2005.11.24"]
[SourceQuality "1"]
[WhiteTeam "Rheine Klein Berlin"]
[BlackTeam "Suedlohn"]
[WhiteTeamCountry "GER"]
[BlackTeamCountry "GER"]

1. e4 c5 2. Nf3 e6 3. d3 Nc6 4. g3 d6 5. Bg2 Nf6 6. 0-0 Be7 7. Re1 Qc7 8. Bf4 Nd7 9. Nc3 a6 10. Bg5 Nde5 11. Nxe5 dxe5 12. Be3 h5 13. f4 Bd7 14. fxe5 Nxe5 15. Bf4 g5 16. Bxe5 Qxe5 17. Qf3 h4 18. Rf1 f6 19. Ne2 0-0-0 20. c3 hxg3 21. Qxg3 Qxg3 22. hxg3 Bb5 23. c4 Be8 24. Rad1 Bh5 25. Bf3 Bxf3 26. Rxf3 Rh3 27. Kg2 Rdh8 28. Rff1 Rh2+ 29. Kf3 f5 30. Rf2 g4+ 31. Ke3 Bg5+ 32. Nf4 e5 33. exf5 exf4+ 34. Rxf4 Bxf4+ 35. Kxf4 Rf2+ 0-1

[Event "Muensterland Verbandsliga 0203"]
[Site "Muensterland"]
[Date "2002.10.26"]
[Round "2.4"]
[White "Rublack, Ralf"]
[Black "Langhanke, Guenther"]
[Result "1-0"]
[WhiteElo "2035"]
[BlackElo "2108"]
[PlyCount "135"]
[EventDate "2002.09.21"]
[EventType "team-tourn"]
[EventRounds "9"]
[EventCountry "GER"]
[SourceTitle "EXT 2004"]
[Source "ChessBase"]
[SourceDate "2003.11.25"]
[SourceVersion "1"]
[SourceVersionDate "2003.11.25"]
[SourceQuality "1"]
[WhiteTeam "Suedlohn"]
[BlackTeam "Rheine CC"]
[WhiteTeamCountry "GER"]
[BlackTeamCountry "GER"]

1. d4 d5 2. Nf3 Nf6 3. Bg5 e6 4. e3 Nbd7 5. c3 c5 6. Nbd2 Be7 7. Bd3 0-0 8. 0-0 b6 9. Ne5 Bb7 10. f4 Ne4 11. Bxe7 Qxe7 12. Ndf3 Rfd8 13. Nxd7 Rxd7 14. Qe2 Rc8 15. Kh1 Rdc7 16. g4 f6 17. Rg1 c4 18. Bc2 b5 19. a3 a5 20. Nd2 Nxd2 21. Qxd2 b4 22. axb4 axb4 23. Raf1 b3 24. Bd1 Ra8 25. Bf3 Bc6 26. Qg2 Qd6 27. Rd1 Ra5 28. Qg3 Ra2 29. Rd2 Rca7 30. h4 Ra1 31. Rdg2 Rxg1+ 32. Rxg1 Ra2 33. Rg2 Qc7 34. Kh2 Ra1 35. h5 Rc1 36. Qh4 Qa7 37. g5 fxg5 38. Qxg5 Rc2 39. Qd8+ Kf7 40. h6 Rxg2+ 41. Kxg2 gxh6 42. Bh5+ Kg7 43. Qd6 Qd7 44. Qe5+ Kg8 45. Bg4 Kf7 46. Bh5+ Kg8 47. Kf3 Qc8 48. Qf6 Be8 49. Bg4 Bf7 50. Qxh6 Bg6 51. Qg5 Qe8 52. Qe5 Bf7 53. Qf6 Bh5 54. Qg5+ Bg6 55. Qf6 Bh5 56. Qg5+ Bg6 57. Qe5 Bf7 58. Ke2 Qe7 59. Qg5+ Qxg5 60. fxg5 Kg7 61. Kf3 Kf8 62. Kf4 Ke7 63. Bh3 Bg6 64. Bg4 Bf7 65. Be2 Bg6 66. Bf3 Bf5 67. Be2 Kf7 68. Bh5+ 1-0

[Event "Muensterland Verbandsliga 0203"]
[Site "Muensterland"]
[Date "2002.09.21"]
[Round "1.4"]
[White "Rublack, Ralf"]
[Black "Darwisch, Mohamed"]
[Result "1/2-1/2"]
[WhiteElo "2035"]
[BlackElo "1820"]
[PlyCount "39"]
[EventDate "2002.09.21"]
[EventType "team-tourn"]
[EventRounds "9"]
[EventCountry "GER"]
[SourceTitle "EXT 2004"]
[Source "ChessBase"]
[SourceDate "2003.11.25"]
[SourceVersion "1"]
[SourceVersionDate "2003.11.25"]
[SourceQuality "1"]
[WhiteTeam "Suedlohn"]
[BlackTeam "Ahaus Wessum"]
[WhiteTeamCountry "GER"]
[BlackTeamCountry "GER"]

1. d4 Nf6 2. Nf3 e6 3. Bg5 d5 4. e3 Be7 5. c3 0-0 6. Nbd2 h6 7. Bh4 b6 8. Bd3 Bb7 9. Ne5 Nbd7 10. f4 Ne4 11. Bxe7 Qxe7 12. 0-0 c5 13. Ndf3 Rfd8 14. Nxd7 Rxd7 15. Qe2 Rc7 16. Kh1 Qf6 17. Ne5 Rd8 18. Rg1 cxd4 19. cxd4 Rdc8 20. Rgf1 1/2-1/2